000 00354 a2200169 4500
001 162679
020 _a85-329-0283-9
040 _cMagnum
100 _aRennó, Regina Coeli
240 1 0 _aHistória de amor
_lpor
245 1 0 _aHistória de amor
300 _a23
362 0 _a1997
440 1 _a
697 _aLITERATURA INFANTIL
942 _cBK
999 _c162679
_d162679